000 00561cam a2200217 4500
001 B1542
008 090401t1984 xxu||||| |||| 00| 0 eng d
035 _a(Sirsi) u45089
041 _aeng
050 _a333.337
110 _aJones Lang Wootton
_92909
245 2 _aA guide to trends in international office rents. - March 1984
260 _aLondon
_bJones Lang Wootton
_c1984
300 _a1 folded sheet (8)p. ; 30cm.
350 _a0
650 _aINTERNATIONAL PROPERTY
650 _aOFFICES
650 _aRENT
942 _n0
948 _c04/03/1997
999 _c91642
_d91642